Teacher education and students' perception / (Record no. 27081)

MARC details
000 -LEADER
fixed length control field 00932nam a22002411 4500
005 - DATE AND TIME OF LATEST TRANSACTION
control field 20090601123117.0
008 - FIXED-LENGTH DATA ELEMENTS--GENERAL INFORMATION
fixed length control field 721219s1962 nyu 000 0 eng
010 ## - LCCN (DPL NO)
LC control number ENG-93798
020 ## - INTERNATIONAL STANDARD BOOK NUMBER
International Standard Book Number 9788131305386
Terms of availability 495.00
035 ## - SYSTEM CONTROL NUMBER
System control number EN-77331
037 ## - SOURCE OF ACQUISITION
Source of stock number/acquisition DBAD / PUB
040 ## - CATALOGING SOURCE
Original cataloging agency dpl
Language of cataloging English
082 ## - DEWEY DECIMAL CLASSIFICATION NUMBER
Classification number 370.71
100 ## - MAIN ENTRY--PERSONAL NAME
Personal name Raiz Shakir Khan
245 ## - TITLE STATEMENT
Title Teacher education and students' perception /
Statement of responsibility, etc by Riaz Shakir Khan
260 ## - PUBLICATION, DISTRIBUTION, ETC. (IMPRINT)
Place of publication, distribution, etc New Delhi
Name of publisher, distributor, etc APH Publishing
Date of publication, distribution, etc 2009
270 ## - ADDRESS
Address 4435-36/7, Ansari Road, Daryaganj,
City New Delhi
Postal code 110002
300 ## - PHYSICAL DESCRIPTION
Extent xiv, 164 p.
Dimensions 23cm(Hb)
500 ## - GENERAL NOTE
General note Includes bibliographical references and index
942 ## - ADDED ENTRY ELEMENTS (KOHA)
Item type English Books
Call number suffix RIA
Source of classification or shelving scheme Dewey Decimal Classification
Classification part 370.71
Holdings
Withdrawn status Lost status Source of classification or shelving scheme Damaged status Not for loan Collection code Home library Current library Date acquired Source of acquisition Cost, normal purchase price Total Checkouts Full call number Barcode Date last seen Copy number Cost, replacement price Koha item type
    Dewey Decimal Classification   Not For Loan Non-fiction D.B.Act.Division D.B.Act.Division 01/06/2009 DBAD / PUB 495.00   370.71 RIA EN-77331 01/06/2009 1 495.00 English Books

© Delhi Public Library
Hit Counter
free hit counter